|
|
|
|
| LEADER |
00000nam0a2200000 4500 |
| 001 |
314076 |
| 005 |
20231102002636.0 |
| 035 |
|
|
|a (RuTPU)RU\TPU\book\339487
|
| 035 |
|
|
|a RU\TPU\book\319573
|
| 090 |
|
|
|a 314076
|
| 100 |
|
|
|a 20160208d1982 km y0rusy50 ca
|
| 101 |
0 |
|
|a rus
|
| 102 |
|
|
|a RU
|
| 105 |
|
|
|a a z 001zy
|
| 200 |
1 |
|
|a Наука и человечество. Доступно и точно о главном в мировой науке. 1982
|e международный ежегодник
|f Всесоюзное общество "Знание" ; Академия наук СССР (АН СССР)
|
| 210 |
|
|
|a Москва
|c Знание
|d 1982
|
| 215 |
|
|
|a 400 с.
|c ил.
|
| 320 |
|
|
|a Библиогр.: с. 398
|
| 606 |
1 |
|
|a Научные открытия
|2 stltpush
|3 (RuTPU)RU\TPU\subj\45071
|
| 610 |
1 |
|
|a человек
|
| 610 |
1 |
|
|a Земля
|
| 610 |
1 |
|
|a микромир
|
| 610 |
1 |
|
|a Вселенная
|
| 610 |
1 |
|
|a технический прогресс
|
| 610 |
1 |
|
|a здравоохранение
|
| 610 |
1 |
|
|a инженерная психология
|
| 610 |
1 |
|
|a первобытное общество
|
| 610 |
1 |
|
|a полярные сияния
|
| 610 |
1 |
|
|a радиолокационная астрономия
|
| 610 |
1 |
|
|a космические исследования
|
| 610 |
1 |
|
|a оптоэлектроника
|
| 610 |
1 |
|
|a голография
|
| 686 |
|
|
|a Ч21
|v LBC/SL-A
|2 rubbk
|
| 712 |
0 |
2 |
|a Всесоюзное общество "Знание"
|c (1963-1991)
|c (Москва)
|2 stltpush
|3 (RuTPU)RU\TPU\col\9744
|9 24745
|
| 712 |
0 |
2 |
|a Академия наук СССР (АН СССР)
|c (Ленинград/Москва)
|c (1925-1991)
|2 stltpush
|3 (RuTPU)RU\TPU\col\722
|
| 801 |
|
1 |
|a RU
|b 63413507
|c 20140312
|
| 801 |
|
2 |
|a RU
|b 63413507
|c 20200529
|g RCR
|
| 942 |
|
|
|c BK
|